Vplyv príjmov a výdavkov na životnú úroveň rodín s nezaopatrenými deťmi v SR bakalárska práca

Saved in:
Bibliographic Details
Main Author: Svetlíková, Kristína
Corporate Author: Národohospodárska fakulta EU. Katedra sociálneho rozvoja a práce
Other Authors: Šipikalová, Silvia, 1979-
Format: Book
Language:Slovak
Published: Bratislava 2016
Tags: Add Tag
No Tags, Be the first to tag this record!

MARC

LEADER 00000nbm a2200000 4500
001 0219640
005 20161118111948.8
041 0 |a slo 
044 |a SK 
245 1 0 |a Vplyv príjmov a výdavkov na životnú úroveň rodín s nezaopatrenými deťmi v SR  |b bakalárska práca  |c Kristína Svetlíková ; školiteľ: Silvia Šipikalová 
264 1 |a Bratislava  |c 2016 
300 |a 53 s. 
100 1 |a Svetlíková, Kristína 
700 1 |a Šipikalová, Silvia, 1979- 
710 2 |a Národohospodárska fakulta EU. Katedra sociálneho rozvoja a práce